LEADER 02189nam 2200421 n 450 001 996383994503316 005 20200824121552.0 035 $a(CKB)1000000000594347 035 $a(EEBO)2240860397 035 $a(UnM)99856260e 035 $a(UnM)99856260 035 $a(EXLCZ)991000000000594347 100 $a19920929d1602 uy | 101 0 $aeng 135 $aurbn||||a|bb| 200 02$aA booke containing diuers sortes of hands$b[electronic resource] $eas well the English as French secretarie with the Italian, Roman, chancelry & court hands. Also the true & iust proportio[n] of the capitall Roma[n]e set forth by Iohn de Beau Chesne and M. Iohn Baildon 210 $aImprinted at London $cBy Richard Field dwelling in the Blacke-Friers neare Ludgate$d1602 215 $a[88] p. $cill 300 $aIncorrectly reported as being based on "Le thresor d'escripture" (1550). The copies differ somewhat in the order of the woodcut specimens (printed only on the rectos in all editions) and in the quire signatures found on some of them. STC 6446 adds "Rules made by E.B. for his children to learn to write by". The type for the "Rules" is reimposed in folio format in STC 1024.5, where it is in the same 1-column typesetting. Settings of the "Rules" in STC 6446.6 and following, 3361.3 and following, and 3363.5 and following are all in two columns--Cf. STC. 300 $aSuggested publication date from STC. 300 $aA2v last line reads: END. "Rules made by E.B. for children to write by" are in the same typesetting and imposition as 6448.7--Cf. STC. 300 $aSignatures: A-Lâ´. 300 $aAnother issue, with imprint date, of STC 6448.7. 300 $aReproduction of the original in the Bodleian Library. 330 $aeebo-0014 606 $aPenmanship$vEarly works to 1800 615 0$aPenmanship 700 $aBeau-Chesne$b Jehan de$01003123 701 $aE. B$ffl. 1571.$01003124 702 $aBaildon$b John 801 0$bCu-RivES 801 1$bCu-RivES 801 2$bCStRLIN 801 2$bWaOLN 906 $aBOOK 912 $a996383994503316 996 $aA booke containing diuers sortes of hands$92302866 997 $aUNISA LEADER 01799nas 2200577-a 450 001 996212199003316 005 20240523213016.0 011 $a1468-0467 035 $a(DE-599)ZDB1480732-4 035 $a(OCoLC)51205354 035 $a(CKB)963017522064 035 $a(CONSER)--2002227353 035 $a(EXLCZ)99963017522064 100 $a20021211a19659999 s-- - 101 0 $aeng 135 $auran||||||||| 181 $ctxt$2rdacontent 182 $cc$2rdamedia 183 $acr$2rdacarrier 200 10$aGeografiska annaler$hSeries B$iHuman geography 210 $aStockholm $cSvenska sällskapet för antropologi och geografi$d1965- 215 $a1 online resource 300 $aRefereed/Peer-reviewed 300 $aDistributed by: Scandinavian University Press, (1992- ). 311 $a0435-3684 531 $aGEOGR ANN B 531 $aGEOGR ANN SER B 531 $aGEOGRAFISKA ANNALER 531 $aGEOGRAFISKA ANNALER SERIES B 531 $aGEOGRAFISKA ANNALER, SERIES B 531 $aGEOGR. ANN. SER. B-HUMAN GEOGR 606 $aHuman geography$vPeriodicals 606 $aGéographie humaine$vPériodiques 606 $aHuman geography$2fast$3(OCoLC)fst00963107 606 $aSociale geografie$2gtt 608 $aperiodicals.$2aat 608 $aCzasopismo geograficzne.$2dbn 608 $aPeriodicals.$2fast 608 $aPeriodicals.$2lcgft 608 $aPériodiques.$2rvmgf 610 $aGeography and environment 615 0$aHuman geography 615 6$aGéographie humaine 615 7$aHuman geography. 615 17$aSociale geografie. 676 $a910 712 02$aSvenska sällskapet för antropologi och geografi, 906 $aJOURNAL 912 $a996212199003316 996 $aGEOGRAFISKA ANNALER$9451872 997 $aUNISA